00931nam a22002537a 450000500170000001000110001702000180002803500110004603700160005704000120007308200180008524500700010324600060017326000450017927000400022430000250026450000510028965000450034065000360038570000220042194200270044399900190047095201880048920170124105922.0 a806515 c00a070690429 a806515 bCen Lib/Ret aDPLbEN a396.0954bIND aIndian women :cedited by B.R. Nanda bfrom purdah to modernity / b  bVikas Publishing Housec1976aNew Delhi  bNew Delhi a5, ansari road e110002 axvi, 187p.c20cm(Hb) aIncludes bibliographical references and index  aSocial condition xWomen zIndian 94762 aWomen xIndian societies 94763 aNanda, B.R.94766 2ddccENh396.0954mIND c123207d123207 04104070aLbLd2015-06-04eCen Lib/Retg0.00l0o396.0954 INDp806515r2015-06-04 00:00:00t1v0.00w2015-06-04yENzWritten off on approval by DLB (By Circulation); dtd 15-06-2023